| 000 | 00656nam a2200217Ia 4500 | ||
|---|---|---|---|
| 003 | OSt | ||
| 005 | 20230504191912.0 | ||
| 008 | 210423s2019 xx 000 0 und d | ||
| 020 | _a978-0-367-36106 | ||
| 040 | _cAL | ||
| 041 | _aeng | ||
| 082 |
_a658.314 _223 _bSADD |
||
| 100 |
_aSADDLER (Kirsty); HILLS (Jan) _998249 |
||
| 245 | _aDeveloping HR talent: building a strategic partnership with the business | ||
| 260 |
_aNew York _bRoutledge _c2019 |
||
| 300 |
_axii,133 _bHB |
||
| 365 |
_b595 _cINR |
||
| 650 |
_aPersonnel Management _998250 |
||
| 906 | _abuilding ; business ; Developing ; HR ; partnership ; strategic ; talent: | ||
| 942 |
_2ddc _cBK |
||
| 999 |
_c170996 _d170996 |
||